[Event "EWICC 2019"]
[Site "Antalya"]
[Date "2019.04.18"]
[Round "7.57"]
[White "Trisha Kanyamarala"]
[Black "Palma, Maria"]
[Result "1/2-1/2"]
[WhiteElo "2028"]
[BlackElo "1998"]
[Annotator "NA"]
[PlyCount "81"]
[EventDate "2019.04.11"]
[EventType "swiss"]
[EventCountry "TUR"]
[SourceTitle "playchess.com"]
[Source "ChessBase"]
[SourceQuality "1"]

1. d4 Nf6 2. Nf3 e6 3. c4 d5 4. Nc3 dxc4 5. e3 a6 6. a4 c5 7. Bxc4 Nc6 8. O-O Be7 9. b3 O-O 10. Bb2 cxd4 11. exd4 Nb4 12. Qe2 Nbd5 13. Rad1 b6 14. Ne5 Bb7 15. f4 Qc7 16. Rc1 Qd6 17. Bd3 Nb4 18. Ne4 Nxe4 19. Bxe4 Bxe4 20. Qxe4 Qd5 21. Qe3 Rac8 22. Nc4 Rc6 23. Ne5 Rc2 24. Rxc2 Nxc2 25. Qd3 Nb4 26. Qc3 f6 27. Nc4 b5 28. axb5 axb5 29. Ne3 Qd7 30. Rd1 Rc8 31. Qd2 Nd5 32. Nxd5 Qxd5 33. Qd3 Rd8 34. Qe3 Bb4 35. Rc1 Qd7 36. Rc2 Rc8 37. Re2 Rc6 38. h3 Rd6 39. Rc2 Rc6 40. Re2 Rd6 41. Rc2 1/2-1/2

[Event "EWICC 2019"]
[Site "Antalya"]
[Date "2019.04.18"]
[Round "7.58"]
[White "Sieber, Fiona"]
[Black "Aydin, Gulenay"]
[Result "1-0"]
[WhiteElo "2310"]
[BlackElo "1936"]
[Annotator "NA"]
[PlyCount "59"]
[EventDate "2019.04.11"]
[EventType "swiss"]
[EventCountry "TUR"]
[SourceTitle "playchess.com"]
[Source "ChessBase"]
[SourceQuality "1"]

1. e4 c5 2. Nf3 d6 3. d4 cxd4 4. Nxd4 Nf6 5. Nc3 g6 6. Be3 Bg7 7. f3 O-O 8. Qd2 Nc6 9. g4 Bd7 10. O-O-O Rc8 11. h4 Ne5 12. Be2 Qa5 13. Kb1 Nc4 14. Bxc4 Rxc4 15. Nb3 Qd8 16. h5 Be6 17. Bh6 Qd7 18. hxg6 fxg6 19. Bxg7 Kxg7 20. Qh6+ Kf7 21. e5 Ng8 22. Qxh7+ Ke8 23. Qxg6+ Bf7 24. Qd3 Rc6 25. Nd4 Rb6 26. exd6 Rxd6 27. Ne4 Rb6 28. Qe3 Qa4 29. b3 Qa3 30. Nb5 1-0

[Event "EWICC 2019"]
[Site "Antalya"]
[Date "2019.04.18"]
[Round "7.59"]
[White "Kejzar, Petra"]
[Black "Ilyuchyk, Yana"]
[Result "1-0"]
[WhiteElo "2082"]
[BlackElo "2152"]
[Annotator "NA"]
[PlyCount "141"]
[EventDate "2019.04.11"]
[EventType "swiss"]
[EventCountry "TUR"]
[SourceTitle "playchess.com"]
[Source "ChessBase"]
[SourceQuality "1"]

1. b3 Nf6 2. Bb2 g6 3. c4 Bg7 4. Nf3 O-O 5. e3 d6 6. d4 e5 7. Nc3 e4 8. Nd2 Re8 9. Be2 h5 10. h3 h4 11. Qc2 Qe7 12. O-O-O Nc6 13. Nf1 Nb4 14. Qd2 a5 15. a3 Na6 16. g3 hxg3 17. Nxg3 c6 18. h4 Nc7 19. h5 d5 20. c5 Ng4 21. Rdf1 Nh6 22. Rfg1 g5 23. Na4 Ne6 24. Nb6 Ra7 25. Kb1 f5 26. Nf1 Qf6 27. a4 g4 28. Ka2 Kh7 29. Qc2 Nc7 30. Bd1 Na8 31. Nxc8 Rxc8 32. Ng3 Nc7 33. Ne2 Ne6 34. Qd2 Qd8 35. Rg2 Qc7 36. Rhg1 Rf8 37. Qc1 Bf6 38. Qc2 Raa8 39. Bc1 Rg8 40. Ng3 Rg5 41. Bd2 Qf7 42. Rh1 Bd8 43. Qc1 Bc7 44. Bc2 Rg7 45. Qe1 Ng5 46. Bc3 Nf3 47. Qe2 Rg5 48. Qd1 Re8 49. Qe2 Bd8 50. Qd1 Qc7 51. Ne2 Bf6 52. Nf4 Ra8 53. Ne6 Qf7 54. Nxg5+ Bxg5 55. Qe2 Bf6 56. Bd1 Nh4 57. Rgg1 Nf3 58. Rf1 Qc7 59. Qc2 Nh2 60. Rfg1 Nf7 61. Rg2 Nf3 62. Bxf3 gxf3 63. Rg6 Qe7 64. Rhg1 Nh8 65. R6g3 Qf7 66. Qd1 Kh6 67. Qf1 Bd8 68. Rg8 Kh7 69. Qh3 Qf6 70. h6 Ng6 71. Rg7+ 1-0

[Event "EWICC 2019"]
[Site "Antalya"]
[Date "2019.04.18"]
[Round "7.60"]
[White "Nemcova, Karin"]
[Black "De Seroux, Camille"]
[Result "0-1"]
[WhiteElo "2066"]
[BlackElo "2151"]
[Annotator "NA"]
[PlyCount "87"]
[EventDate "2019.04.11"]
[EventType "swiss"]
[EventCountry "TUR"]
[SourceTitle "playchess.com"]
[Source "ChessBase"]
[SourceQuality "1"]

1. e4 c5 2. Nf3 d6 3. d4 cxd4 4. Nxd4 Nf6 5. Nc3 Nc6 6. Bg5 e6 7. Qd2 a6 8. O-O-O Nxd4 9. Qxd4 Be7 10. f4 O-O 11. Be2 b5 12. Bf3 Bb7 13. e5 Bxf3 14. exf6 gxf6 15. gxf3 fxg5 16. Ne4 d5 17. Nxg5 Bf6 18. Qd3 Bxg5 19. Rhg1 Qf6 20. fxg5 Qg6 21. Qd2 Rac8 22. Rg4 Rc5 23. Qg2 Rfc8 24. Rd2 e5 25. h4 d4 26. Re4 b4 27. Qe2 Qe6 28. Kb1 Qh3 29. b3 Qf5 30. Qg2 Rc3 31. Rf2 d3 32. cxd3 Qd7 33. Kb2 Qxd3 34. Rd2 Qb5 35. Qe2 Qa5 36. a4 bxa3+ 37. Ka2 Qb6 38. Qd1 Rc1 39. Qe2 Qg1 40. Kxa3 Ra1+ 41. Ra2 Qc1+ 42. Ka4 Rc5 43. Rc4 Qb1 44. Ka3 0-1

[Event "EWICC 2019"]
[Site "Antalya"]
[Date "2019.04.18"]
[Round "7.61"]
[White "Pintor, Ariana"]
[Black "Duran, Esma Doga"]
[Result "0-1"]
[WhiteElo "1918"]
[BlackElo "2131"]
[Annotator "NA"]
[PlyCount "98"]
[EventDate "2019.04.11"]
[EventType "swiss"]
[EventCountry "TUR"]
[SourceTitle "playchess.com"]
[Source "ChessBase"]
[SourceQuality "1"]

1. e4 c5 2. Nf3 e6 3. Nc3 a6 4. d4 cxd4 5. Nxd4 Nc6 6. g3 Qc7 7. Bg2 h5 8. h3 Nf6 9. O-O Bc5 10. Nxc6 dxc6 11. Bf4 e5 12. Bg5 Ng8 13. Qe2 Ne7 14. Nd1 Be6 15. Be3 Bxe3 16. Nxe3 h4 17. Rad1 Rd8 18. Rxd8+ Kxd8 19. Nc4 Kc8 20. Rd1 Kb8 21. Kh2 g5 22. g4 Bxc4 23. Qxc4 Ng6 24. Bf1 Nf4 25. Qb4 c5 26. Qb3 Ne6 27. c3 b5 28. a4 c4 29. Qb4 Qb6 30. Qd6+ Qxd6 31. Rxd6 Nc7 32. axb5 axb5 33. Rd2 Kb7 34. b3 cxb3 35. Rb2 Kc6 36. Rxb3 Kc5 37. Ra3 Ra8 38. Rb3 Ra1 39. Kg2 Ra5 40. Kf3 Ne8 41. Rb1 Nd6 42. Rd1 Ra3 43. Rd5+ Kc6 44. Rxe5 Rxc3+ 45. Ke2 b4 46. Rxg5 b3 47. Rg8 b2 48. Rb8 Nb5 49. Rc8+ Kb7 0-1

[Event "EWICC 2019"]
[Site "Antalya"]
[Date "2019.04.18"]
[Round "7.62"]
[White "Makka, Ioulia"]
[Black "Olde, Margareth"]
[Result "0-1"]
[WhiteElo "2121"]
[BlackElo "2088"]
[Annotator "NA"]
[PlyCount "162"]
[EventDate "2019.04.11"]
[EventType "swiss"]
[EventCountry "TUR"]
[SourceTitle "playchess.com"]
[Source "ChessBase"]
[SourceQuality "1"]

1. e4 c5 2. Nf3 e6 3. d4 cxd4 4. Nxd4 Nc6 5. Nb5 d6 6. c4 a6 7. N5c3 Nf6 8. Be2 Be7 9. O-O Qc7 10. Be3 Ne5 11. Nd2 h5 12. h3 Bd7 13. Rc1 h4 14. Na4 Bc6 15. Nb6 Rd8 16. Nd5 Qd7 17. Nxe7 Qxe7 18. Bg5 Qc7 19. b4 Rc8 20. b5 Bd7 21. a4 Ng6 22. Be3 O-O 23. f4 Rfe8 24. Bd3 e5 25. f5 Nf4 26. Bxf4 exf4 27. Ra1 axb5 28. axb5 Qc5+ 29. Kh1 Ra8 30. Qf3 Rxa1 31. Rxa1 Qe3 32. Rd1 Ra8 33. Qxe3 fxe3 34. Nf1 e2 35. Bxe2 Nxe4 36. Kg1 Nc3 37. Rd2 Nxe2+ 38. Rxe2 Bxf5 39. Rd2 Rd8 40. Ne3 Be6 41. Rd4 g5 42. c5 d5 43. c6 bxc6 44. bxc6 f6 45. Kf2 Kf7 46. c7 Rc8 47. Nxd5 Bxd5 48. Rxd5 Rxc7 49. g4 hxg3+ 50. Kxg3 Rc3+ 51. Kg4 Kg6 52. Rd6 Re3 53. Ra6 Re4+ 54. Kg3 Kf5 55. Ra5+ Re5 56. Ra6 Re3+ 57. Kg2 Ke5 58. Ra4 f5 59. Ra5+ Kf4 60. Ra4+ Re4 61. Ra2 Rd4 62. Rf2+ Ke4 63. Re2+ Kf4 64. Rf2+ Ke5 65. Re2+ Re4 66. Ra2 f4 67. Ra5+ Kf6 68. Rb5 Re5 69. Rb8 Kf5 70. Kf2 Rd5 71. Rb2 Rd3 72. Kg2 Ke4 73. Rb5 Rd2+ 74. Kg1 Rd5 75. Rb8 Ke3 76. Re8+ Kf3 77. Ra8 Kg3 78. Ra3+ f3 79. Ra1 Rd2 80. Kf1 Rh2 81. Kg1 f2+ 0-1

[Event "EWICC 2019"]
[Site "Antalya"]
[Date "2019.04.18"]
[Round "7.63"]
[White "Teuschler, Barbara"]
[Black "Catal, Uktenur"]
[Result "1-0"]
[WhiteElo "2180"]
[BlackElo "1820"]
[Annotator "NA"]
[PlyCount "107"]
[EventDate "2019.04.11"]
[EventType "swiss"]
[EventCountry "TUR"]
[SourceTitle "playchess.com"]
[Source "ChessBase"]
[SourceQuality "1"]

1. e4 e6 2. d4 d5 3. Nc3 Nf6 4. e5 Nfd7 5. f4 c5 6. Nf3 Nc6 7. Be3 Be7 8. Qd2 a6 9. dxc5 Nxc5 10. O-O-O b5 11. Nd4 Nxd4 12. Bxd4 b4 13. Ne2 Ne4 14. Qe3 Qa5 15. Kb1 Bb7 16. Ng3 Rc8 17. Nxe4 dxe4 18. g4 Bd5 19. b3 O-O 20. Rd2 Rc3 21. Bxc3 bxc3 22. Re2 Bc5 23. Qc1 Ba3 24. Qe1 e3 25. Bg2 Bxg2 26. Rxg2 Bc5 27. Re2 Rd8 28. Rxe3 Rd2 29. Re4 Bd4 30. Qxd2 cxd2 31. Rxd4 h5 32. Rd1 hxg4 33. R1xd2 Qc3 34. R2d3 Qe1+ 35. Kb2 Kh7 36. Rd7 Kg6 37. Rg3 f5 38. exf6 gxf6 39. Rxg4+ Kf5 40. h3 Qh1 41. Rd3 Qe1 42. Rc3 Qf2 43. b4 Qd4 44. Kb3 Qd1 45. Rc5+ e5 46. fxe5 fxe5 47. Kb2 Qe1 48. a3 Qf2 49. Ra5 Qe2 50. Rh4 Kg6 51. Rh8 Qc4 52. Rd8 Qc7 53. Rxa6+ Kf5 54. Rd5 1-0

[Event "EWICC 2019"]
[Site "Antalya"]
[Date "2019.04.18"]
[Round "7.64"]
[White "Oz, Irem Ezra"]
[Black "Chan, Naruna"]
[Result "1/2-1/2"]
[WhiteElo "1687"]
[BlackElo "2004"]
[Annotator "NA"]
[PlyCount "120"]
[EventDate "2019.04.11"]
[EventType "swiss"]
[EventCountry "TUR"]
[SourceTitle "playchess.com"]
[Source "ChessBase"]
[SourceQuality "1"]

1. e4 c5 2. Nf3 Nc6 3. d4 cxd4 4. Nxd4 e5 5. Nb5 d6 6. N1c3 a6 7. Na3 Be6 8. Nc4 b5 9. Ne3 Nf6 10. a3 Be7 11. g3 O-O 12. Bg2 Rc8 13. O-O Nd4 14. Bd2 Nd7 15. Ne2 Bc4 16. Nxc4 Nxe2+ 17. Qxe2 Rxc4 18. Be3 Bg5 19. Rad1 Bxe3 20. Qxe3 Qc7 21. c3 Rc6 22. Bf3 Nb6 23. Be2 Rd8 24. f4 f6 25. fxe5 dxe5 26. Rxd8+ Qxd8 27. Rd1 Rd6 28. Rxd6 Qxd6 29. b4 Kf8 30. Kf2 Ke7 31. Ke1 Kd7 32. Qd2 Qxd2+ 33. Kxd2 Kc6 34. g4 Nc8 35. Bd3 Nd6 36. Ke3 Kd7 37. Kf3 g6 38. Ke3 Kc6 39. Kf3 Kd7 40. Ke3 Ke7 41. Kf3 Ke6 42. Bc2 f5 43. gxf5+ gxf5 44. exf5+ Nxf5 45. a4 h6 46. axb5 axb5 47. Bb3+ Kd6 48. Ke4 Ne7 49. c4 bxc4 50. Bxc4 Nc8 51. b5 Nb6 52. Be2 Nd7 53. Kf5 Nf8 54. Kf6 Ne6 55. b6 Nd4 56. Bd3 Kc6 57. Kxe5 Nf3+ 58. Kf4 Nxh2 59. Be2 Kxb6 60. Kg3 Kc5 1/2-1/2

[Event "EWICC 2019"]
[Site "Antalya"]
[Date "2019.04.19"]
[Round "8.1"]
[White "Kashlinskaya, Alina"]
[Black "Ushenina, Anna"]
[Result "1/2-1/2"]
[WhiteElo "2477"]
[BlackElo "2432"]
[Annotator "TA"]
[PlyCount "80"]
[EventDate "2019.04.11"]
[EventType "swiss"]
[EventCountry "TUR"]
[SourceTitle "playchess.com"]
[Source "ChessBase"]
[SourceQuality "1"]

1. d4 Nf6 2. c4 e6 3. Nc3 Bb4 4. e3 O-O 5. Bd3 c5 6. Nf3 d5 7. O-O cxd4 8. exd4 dxc4 9. Bxc4 b6 10. Qe2 Bb7 11. Rd1 h6 12. Bf4 Bxc3 13. bxc3 Nd5 14. Bd2 Qc7 15. Ne5 Nc6 16. Bd3 Nxe5 17. Qxe5 Qxe5 18. dxe5 Ne7 19. c4 Nc6 20. Bc3 Rac8 21. f4 Rc7 22. a4 Ba6 23. g3 Rfc8 24. a5 Nxa5 25. Bxa5 bxa5 26. Rxa5 Bxc4 27. Bxc4 Rxc4 28. Rxa7 Rc1 29. Rad7 Rxd1+ 30. Rxd1 g5 31. Kg2 Rc2+ 32. Kh3 Kg7 33. fxg5 hxg5 34. Re1 Kg6 35. g4 Rc3+ 36. Kg2 Kg7 37. Re2 Kf8 38. Re1 Ke7 39. Re2 Rc4 40. Kg3 Rc3+ 1/2-1/2

[Event "EWICC 2019"]
[Site "Antalya"]
[Date "2019.04.19"]
[Round "8.2"]
[White "Tsolakidou, Stavroula"]
[Black "Sebag, Marie"]
[Result "1/2-1/2"]
[WhiteElo "2429"]
[BlackElo "2461"]
[Annotator "RC"]
[PlyCount "51"]
[EventDate "2019.04.11"]
[EventType "swiss"]
[EventCountry "TUR"]
[SourceTitle "playchess.com"]
[Source "ChessBase"]
[SourceQuality "1"]

1. c4 c6 2. e4 d5 3. exd5 cxd5 4. Nf3 Nf6 5. cxd5 Nxd5 6. Bc4 Nc6 7. O-O Nb6 8. Bb3 Bf5 9. d4 e6 10. Nc3 Be7 11. d5 exd5 12. Nxd5 Nxd5 13. Qxd5 Qxd5 14. Bxd5 O-O 15. Bg5 Bxg5 16. Nxg5 h6 17. Ne4 Nb4 18. Nd6 Nxd5 19. Nxf5 Rfd8 20. Rfd1 Kf8 21. Rd4 Rd7 22. Rc1 Rad8 23. Kf1 Ne7 24. Rxd7 Rxd7 25. Nxe7 Kxe7 26. Ke2 1/2-1/2

[Event "EWICC 2019"]
[Site "Antalya"]
[Date "2019.04.19"]
[Round "8.3"]
[White "Atalik, Ekaterina"]
[Black "Gaponenko, Inna"]
[Result "0-1"]
[WhiteElo "2455"]
[BlackElo "2428"]
[Annotator "RC"]
[PlyCount "190"]
[EventDate "2019.04.11"]
[EventType "swiss"]
[EventCountry "TUR"]
[SourceTitle "playchess.com"]
[Source "ChessBase"]
[SourceQuality "1"]

1. d4 d5 2. c4 dxc4 3. e4 e5 4. Nf3 Bb4+ 5. Nbd2 c3 6. Qa4+ Nc6 7. d5 cxd2+ 8. Nxd2 Nge7 9. dxc6 Nxc6 10. Bb5 Bd7 11. Bxc6 Bxd2+ 12. Bxd2 Bxc6 13. Qa3 a5 14. Rc1 Qd6 15. Qxd6 cxd6 16. f3 Ke7 17. Kf2 Ke6 18. Rc3 Rhd8 19. Ra3 a4 20. Re3 g6 21. a3 f6 22. Bc3 h5 23. Rd1 d5 24. exd5+ Rxd5 25. Rxd5 Bxd5 26. Re1 g5 27. h3 Rc8 28. Re3 Rc4 29. Re1 b5 30. Re3 Bb7 31. Rd3 Bd5 32. Re3 Rc7 33. Re1 Rc8 34. Re3 Rc4 35. Re1 g4 36. hxg4 hxg4 37. Kg3 gxf3 38. gxf3 Rf4 39. Re3 Rf5 40. Kg2 Rg5+ 41. Kf2 Rh5 42. Kg3 Rf5 43. Kg2 Bc4 44. Kg3 Kd5 45. Re4 Bd3 46. Rh4 Rg5+ 47. Rg4 Rf5 48. Rh4 Be2 49. f4 Bh5 50. Bd2 Ke4 51. fxe5+ Kd3 52. Bc3 fxe5 53. Rh2 e4 54. Rd2+ Ke3 55. Rd6 Bf3 56. Bd2+ Ke2 57. Bf4 Rf7 58. Rd2+ Ke1 59. Rd5 Be2 60. Re5 Bd3 61. Rh5 Rg7+ 62. Rg5 Rh7 63. Kg2 Rf7 64. Kg3 Rf8 65. Rh5 Kd1 66. Rh2 Be2 67. Rh6 Kc2 68. Rh2 Kd1 69. Rh6 Rf7 70. Rh1+ Kc2 71. Rh2 Kd3 72. Rh6 Rg7+ 73. Kh2 Kc2 74. Be5 Rg8 75. Rh3 Bf3 76. Rg3 Re8 77. Bc3 Rc8 78. Bd4 Kb3 79. Rg5 Be2 80. Rc5 Rd8 81. Bf6 Rf8 82. Bd4 Rg8 83. Rc3+ Ka2 84. Rg3 Rd8 85. Bc3 Bd3 86. Kg1 Rc8 87. Be5 Rc1+ 88. Kh2 Rb1 89. Rg2 e3 90. Rg1 Rxb2+ 91. Kg3 Kxa3 92. Kf3 e2 93. Ra1+ Kb3 94. Ke3 Bc4 95. Rc1 b4 0-1

[Event "EWICC 2019"]
[Site "Antalya"]
[Date "2019.04.19"]
[Round "8.4"]
[White "Goryachkina, Aleksandra"]
[Black "Zawadzka, Jolanta"]
[Result "0-1"]
[WhiteElo "2534"]
[BlackElo "2418"]
[Annotator "TA"]
[PlyCount "60"]
[EventDate "2019.04.11"]
[EventType "swiss"]
[EventCountry "TUR"]
[SourceTitle "playchess.com"]
[Source "ChessBase"]
[SourceQuality "1"]

1. d4 d5 2. c4 e6 3. Nc3 Bb4 4. e3 Nf6 5. a3 Bxc3+ 6. bxc3 c6 7. Nf3 O-O 8. a4 b6 9. Ba3 Re8 10. cxd5 exd5 11. Rc1 Ne4 12. Nd2 Nxd2 13. Qxd2 Qg5 14. h4 Qf6 15. c4 Ba6 16. cxd5 Bxf1 17. Kxf1 cxd5 18. h5 h6 19. Qd3 Qe6 20. Rh4 Nd7 21. Rf4 Rac8 22. g4 Nf6 23. Qd1 Rxc1 24. Bxc1 Rc8 25. Bd2 a5 26. Kg2 Rc4 27. Rf5 Qe4+ 28. Kh3 Rc2 29. Re5 Qd3 30. g5 hxg5 0-1

[Event "EWICC 2019"]
[Site "Antalya"]
[Date "2019.04.19"]
[Round "8.5"]
[White "Khotenashvili, Bela"]
[Black "Brunello, Marina"]
[Result "1-0"]
[WhiteElo "2479"]
[BlackElo "2356"]
[Annotator "RC"]
[PlyCount "53"]
[EventDate "2019.04.11"]
[EventType "swiss"]
[EventCountry "TUR"]
[SourceTitle "playchess.com"]
[Source "ChessBase"]
[SourceQuality "1"]

1. Nf3 d5 2. g3 Nf6 3. Bg2 c6 4. O-O Bf5 5. d3 e6 6. Nh4 Bg4 7. h3 Bh5 8. Qe1 Be7 9. f4 Bg6 10. Nd2 Nfd7 11. Ndf3 Nc5 12. b4 Na4 13. Bd2 Qb6+ 14. Kh1 d4 15. Qf2 Bf6 16. g4 Bxh4 17. Nxh4 Na6 18. f5 exf5 19. Nxf5 O-O-O 20. Nxg7 Kb8 21. Nf5 Nc7 22. Bg5 Ne6 23. Bxd8 Qxd8 24. Qg3+ Ka8 25. Qd6 Qg5 26. Nxd4 h5 27. Nxe6 1-0

[Event "EWICC 2019"]
[Site "Antalya"]
[Date "2019.04.19"]
[Round "8.6"]
[White "Danielian, Elina"]
[Black "Pogonina, Natalija"]
[Result "1/2-1/2"]
[WhiteElo "2413"]
[BlackElo "2455"]
[Annotator "ChessBase"]
[PlyCount "79"]
[EventDate "2019.04.11"]
[EventType "swiss"]
[EventCountry "TUR"]
[SourceTitle "playchess.com"]
[Source "ChessBase"]
[SourceQuality "1"]

1. d4 d5 2. c4 e6 3. Nc3 Nf6 4. cxd5 exd5 5. Bg5 c6 6. e3 Be7 7. Bd3 Nbd7 8. Nf3 O-O 9. Qc2 Re8 10. O-O Nf8 11. Rab1 Ng6 12. Bxf6 Bxf6 13. b4 a6 14. a4 Bg4 15. Nd2 Be7 16. Bf5 Bxf5 17. Qxf5 b5 18. Rfc1 Bd6 19. g3 a5 20. axb5 axb4 21. Nd1 Ne7 22. Qd3 cxb5 23. Qxb5 Qb8 24. Qxb8 Rexb8 25. e4 f6 26. Ne3 Ra2 27. Rd1 Rb5 28. exd5 Nxd5 29. Nxd5 Rxd5 30. Nc4 Bf8 31. Ne3 Rd7 32. Kg2 Kf7 33. h4 h5 34. Kf3 Be7 35. Rb3 Ra3 36. Rb2 Rc3 37. Ke2 b3 38. Rd3 Rxd3 39. Kxd3 Bc5 40. Rxb3 1/2-1/2

[Event "EWICC 2019"]
[Site "Antalya"]
[Date "2019.04.19"]
[Round "8.7"]
[White "Caglar, Sila"]
[Black "Bodnaruk, Anastasia"]
[Result "1/2-1/2"]
[WhiteElo "2140"]
[BlackElo "2427"]
[Annotator "TA"]
[PlyCount "266"]
[EventDate "2019.04.11"]
[EventType "swiss"]
[EventCountry "TUR"]
[SourceTitle "playchess.com"]
[Source "ChessBase"]
[SourceQuality "1"]

1. e4 c5 2. Nf3 d6 3. d4 cxd4 4. Nxd4 Nf6 5. Nc3 a6 6. Bc4 e6 7. Bb3 Nbd7 8. Bg5 Nc5 9. f4 Be7 10. Qf3 Qc7 11. O-O-O O-O 12. g4 b5 13. Bxf6 Bxf6 14. g5 Bxd4 15. Rxd4 Bd7 16. Rhd1 a5 17. a3 Rfb8 18. Ne2 Ra6 19. Kd2 e5 20. fxe5 Nxb3+ 21. cxb3 dxe5 22. Rd3 b4 23. a4 Be6 24. Ke1 Rc6 25. R3d2 Rf8 26. Qg3 Rc5 27. Rd6 Qe7 28. h4 f5 29. exf5 Bxf5 30. R1d5 Rc2 31. Qxe5 Qc7 32. Rd8 Rxe2+ 33. Kxe2 Qxe5+ 34. Rxe5 Bg4+ 35. Ke3 Rxd8 36. Rxa5 Bd7 37. Ra7 Kf7 38. Kd4 Ke7 39. Kc5 Rb8 40. a5 Rb5+ 41. Kc4 Rf5 42. Kxb4 Kd6 43. a6 Rb5+ 44. Kc4 Rb8 45. b4 h5 46. gxh6 gxh6 47. h5 Rb6 48. Kc3 Rb8 49. Kc4 Kc6 50. b5+ Kd6 51. Kd4 Rxb5 52. Rb7 Ra5 53. Rb6+ Bc6 54. Rb8 Rxa6 55. Rh8 Ra4+ 56. Kc3 Kc5 57. Rxh6 Rh4 58. Kd2 Be8 59. Ke3 Bxh5 60. Rh8 Rh1 61. Kf2 Kd4 62. Rh7 Ke4 63. Rh8 Kf5 64. b4 Kg5 65. Ke3 Rh4 66. b5 Rb4 67. Rb8 Kf6 68. b6 Bf7 69. Kd3 Bd5 70. Kc3 Rc4+ 71. Kd3 Rb4 72. Kc3 Rb5 73. Kd4 Ke7 74. Rh8 Bg2 75. Rg8 Bf3 76. Rb8 Kd7 77. Kc4 Be2+ 78. Kd4 Bf3 79. Kc4 Rb1 80. Kc5 Bc6 81. Rh8 Rb5+ 82. Kd4 Rxb6 83. Rh7+ Kd6 84. Rh6+ Kc7 85. Rh7+ Bd7 86. Kc5 Rb5+ 87. Kc4 Rb6 88. Kc5 Ra6 89. Rg7 Ra5+ 90. Kb4 Re5 91. Kc4 Kd6 92. Rh7 Re4+ 93. Kc3 Be6 94. Rh8 Rg4 95. Kd3 Bf5+ 96. Ke3 Ke5 97. Re8+ Be6 98. Rf8 Re4+ 99. Kd3 Rb4 100. Rh8 Rb3+ 101. Kd2 Bd5 102. Rc8 Kd4 103. Rc7 Rd3+ 104. Kc2 Rg3 105. Kb2 Be4 106. Rd7+ Kc4 107. Rc7+ Kb4 108. Kc1 Rg2 109. Kd1 Bd3 110. Ke1 Bc4 111. Rc8 Kc3 112. Re8 Bd3 113. Kd1 Rf2 114. Rc8+ Kd4 115. Kc1 Ke3 116. Re8+ Be4 117. Rc8 Bf5 118. Rc7 Kd3 119. Kb1 Kd4+ 120. Kc1 Bd3 121. Kd1 Bc4 122. Rd7+ Kc3 123. Re7 Rf8 124. Re3+ Bd3 125. Re7 Rf1+ 126. Re1 Rf2 127. Re7 Bb5 128. Re3+ Kd4 129. Re6 Bd3 130. Re7 Bb5 131. Re6 Kd3 132. Rd6+ Ke3 133. Re6+ Kd4 1/2-1/2

[Event "EWICC 2019"]
[Site "Antalya"]
[Date "2019.04.19"]
[Round "8.8"]
[White "Badelka, Olga"]
[Black "Cramling, Pia"]
[Result "1/2-1/2"]
[WhiteElo "2381"]
[BlackElo "2460"]
[Annotator "ChessBase"]
[PlyCount "123"]
[EventDate "2019.04.11"]
[EventType "swiss"]
[EventCountry "TUR"]
[SourceTitle "playchess.com"]
[Source "ChessBase"]
[SourceQuality "1"]

1. c4 c5 2. Nf3 Nf6 3. d4 cxd4 4. Nxd4 Nc6 5. Nc3 e6 6. a3 Bc5 7. Nb3 Bb6 8. e4 d6 9. Be2 h6 10. O-O e5 11. Nb5 Ke7 12. Qd3 a6 13. Nc3 Nd4 14. Nxd4 Bxd4 15. Be3 Bxc3 16. bxc3 Be6 17. c5 Qc7 18. f4 Rhd8 19. cxd6+ Rxd6 20. Qc2 Rc6 21. Qb2 exf4 22. Bd4 Rc8 23. Bf3 b5 24. a4 Rb8 25. axb5 Rxb5 26. Qa3+ Ke8 27. Rfb1 Qb8 28. Rd1 Rb3 29. Qc1 Kf8 30. Ra5 Rcb6 31. Kh1 R6b5 32. Rxa6 Kg8 33. c4 Rb1 34. cxb5 Rxc1 35. Rxc1 Qxb5 36. Ra8+ Kh7 37. Bxf6 gxf6 38. Ra3 Qb2 39. Rac3 Kg7 40. R3c2 Qa3 41. Rf1 Qa6 42. Re1 Qa5 43. Rcc1 Qa3 44. Be2 Qb4 45. Bf3 Qa3 46. Rc2 Qb4 47. Rf1 Qb5 48. Rcf2 Bc4 49. Rg1 Qb6 50. Rc2 Qb3 51. Rcc1 Be6 52. Rge1 Qa3 53. Rf1 Qb3 54. Rce1 Qc3 55. Be2 Kf8 56. Rc1 Qb4 57. Bd3 Qd4 58. Rcd1 Qc3 59. Be2 Qe3 60. Bf3 Kg7 61. Rfe1 Qc3 62. Rc1 1/2-1/2

[Event "EWICC 2019"]
[Site "Antalya"]
[Date "2019.04.19"]
[Round "8.9"]
[White "Zimina, Olga"]
[Black "Paehtz, Elisabeth"]
[Result "0-1"]
[WhiteElo "2377"]
[BlackElo "2456"]
[Annotator "ChessBase"]
[PlyCount "108"]
[EventDate "2019.04.11"]
[EventType "swiss"]
[EventCountry "TUR"]
[SourceTitle "playchess.com"]
[Source "ChessBase"]
[SourceQuality "1"]

1. d4 e6 2. c4 b6 3. a3 Bb7 4. Nc3 f5 5. d5 Nf6 6. g3 Na6 7. Bg2 g6 8. Nh3 Bg7 9. O-O O-O 10. Be3 e5 11. b4 Qe8 12. Qb3 Ng4 13. c5 Kh8 14. Na4 Nxe3 15. Qxe3 e4 16. Rad1 Qe5 17. Nf4 b5 18. c6 dxc6 19. dxc6 Bxc6 20. Rc1 Be8 21. Nc5 Nxc5 22. Rxc5 Qd6 23. Qc1 c6 24. Rd1 Qe7 25. e3 a5 26. Ne2 axb4 27. axb4 Ra4 28. Qd2 Bf7 29. Nd4 Rd8 30. Qc3 Be8 31. Bf1 Rd6 32. Be2 Ra8 33. Rd2 Rad8 34. Qb2 Qd7 35. Rc1 Bf7 36. Qc3 Kg8 37. Rcd1 Qb7 38. h4 Bd5 39. Rc1 Qd7 40. Qc5 Bf7 41. Kg2 h6 42. Rdc2 Bxd4 43. exd4 Ra8 44. Qe5 Bd5 45. Kg1 Re6 46. Qf4 Qg7 47. h5 g5 48. Qd2 Rae8 49. Rc3 Kh8 50. Ra1 f4 51. Bg4 e3 52. fxe3 fxe3 53. Qd3 Re4 54. Be2 Qc7 0-1

[Event "EWICC 2019"]
[Site "Antalya"]
[Date "2019.04.19"]
[Round "8.10"]
[White "Majdan, Joanna"]
[Black "Socko, Monika"]
[Result "0-1"]
[WhiteElo "2377"]
[BlackElo "2447"]
[Annotator "NA"]
[PlyCount "129"]
[EventDate "2019.04.11"]
[EventType "swiss"]
[EventCountry "TUR"]
[SourceTitle "playchess.com"]
[Source "ChessBase"]
[SourceQuality "1"]

1. e4 e6 2. d4 d5 3. Nd2 Be7 4. Ngf3 Nf6 5. e5 Nfd7 6. c3 c5 7. Bd3 b6 8. Ne4 a5 9. Neg5 cxd4 10. cxd4 Nf8 11. Nh3 Ba6 12. Bxa6 Nxa6 13. Nf4 Ng6 14. Nh5 O-O 15. O-O Rc8 16. a3 Nb8 17. Re1 Nd7 18. Bd2 Rc4 19. Qb3 Nh4 20. Nxh4 Bxh4 21. Qd3 Bxf2+ 22. Kxf2 Qh4+ 23. Ng3 Rxd4 24. Bg5 Rxd3 25. Bxh4 Rd2+ 26. Re2 Rxe2+ 27. Kxe2 Nxe5 28. Bg5 a4 29. Nf1 Nc4 30. Nd2 b5 31. b3 axb3 32. Nxb3 f6 33. Bd2 e5 34. Bb4 Ra8 35. Nc5 Kf7 36. a4 bxa4 37. Rxa4 Rxa4 38. Nxa4 f5 39. Nc5 f4 40. h4 Kf6 41. Kf3 Kf5 42. g4+ fxg3 43. Kxg3 d4 44. Nb7 g5 45. hxg5 Kxg5 46. Nd6 Nxd6 47. Bxd6 Kf5 48. Kf3 h5 49. Be7 e4+ 50. Kg3 d3 51. Kf2 Kg4 52. Bd6 h4 53. Ke3 Kf5 54. Bb8 Ke6 55. Bf4 Kd5 56. Bg5 h3 57. Bf4 Kc4 58. Be5 Kc5 59. Bh2 Kb4 60. Kd2 Kc4 61. Be5 Kd5 62. Bh2 Kd4 63. Bg1+ Kc4 64. Bh2 Kd5 65. Bb8 0-1

[Event "EWICC 2019"]
[Site "Antalya"]
[Date "2019.04.19"]
[Round "8.11"]
[White "Bulmaga, Irina"]
[Black "Balajayeva, Khanim"]
[Result "1-0"]
[WhiteElo "2438"]
[BlackElo "2358"]
[Annotator "NA"]
[PlyCount "95"]
[EventDate "2019.04.11"]
[EventType "swiss"]
[EventCountry "TUR"]
[SourceTitle "playchess.com"]
[Source "ChessBase"]
[SourceQuality "1"]

1. e4 e5 2. Nf3 Nc6 3. d4 exd4 4. Nxd4 Bc5 5. Nxc6 Qf6 6. Qf3 dxc6 7. Bc4 Be6 8. Qxf6 Nxf6 9. Bxe6 fxe6 10. f3 O-O-O 11. Ke2 Rd7 12. Nd2 Rg8 13. Nb3 Bd6 14. Be3 g5 15. Nd2 Nh5 16. g3 e5 17. g4 Nf4+ 18. Bxf4 gxf4 19. h4 b5 20. Nb3 Rgd8 21. Rhd1 Be7 22. Rxd7 Rxd7 23. h5 Kb7 24. a4 h6 25. c4 bxa4 26. Rxa4 Kb6 27. Ra5 Bb4 28. c5+ Kb7 29. Ra4 a5 30. Rxa5 Bxa5 31. Nxa5+ Ka6 32. Nxc6 Kb5 33. Nxe5 Rg7 34. Nd3 Rf7 35. b3 Rf8 36. Kd2 Kc6 37. Kc3 Kd7 38. Ne5+ Ke6 39. Ng6 Rf7 40. Kc4 c6 41. b4 Rf6 42. b5 cxb5+ 43. Kxb5 Kd7 44. e5 Rf7 45. c6+ Kc7 46. Kc5 Kd8 47. Kb6 Kc8 48. e6 1-0